000
00332nam a2200133Ia 4500
008
221030s9999 xx 000 0 und d
041
_a
English
100
_a
Chris H Pappas
245
4
_a
The Complete Reference Visual C++ 6
_c
by Chris H Pappas, Murray, w. h
260
_c
0
650
_a
B
700
_a
Murray, w. h
942
_c
BK
999
_c
14466
_d
14466